|
|
|
|
| LEADER |
01845nam a22003853i 4500 |
| 001 |
EBC6533244 |
| 003 |
MiAaPQ |
| 005 |
20231204023216.0 |
| 006 |
m o d | |
| 007 |
cr cnu|||||||| |
| 008 |
231204s2017 xx o ||||0 eng d |
| 020 |
|
|
|a 9780472902583
|q (electronic bk.)
|
| 020 |
|
|
|z 9780472130283
|
| 035 |
|
|
|a (MiAaPQ)EBC6533244
|
| 035 |
|
|
|a (Au-PeEL)EBL6533244
|
| 035 |
|
|
|a (OCoLC)1195818215
|
| 040 |
|
|
|a MiAaPQ
|b eng
|e rda
|e pn
|c MiAaPQ
|d MiAaPQ
|
| 050 |
|
4 |
|a DP102
|
| 082 |
0 |
|
|a 946/.02
|
| 100 |
1 |
|
|a Coope, Jessica.
|
| 245 |
1 |
4 |
|a The Most Noble of People :
|b Religious, Ethnic, and Gender Identity in Muslim Spain.
|
| 250 |
|
|
|a 1st ed.
|
| 264 |
|
1 |
|a Ann Arbor :
|b University of Michigan Press,
|c 2017.
|
| 264 |
|
4 |
|c ©2017.
|
| 300 |
|
|
|a 1 online resource (231 pages)
|
| 336 |
|
|
|a text
|b txt
|2 rdacontent
|
| 337 |
|
|
|a computer
|b c
|2 rdamedia
|
| 338 |
|
|
|a online resource
|b cr
|2 rdacarrier
|
| 505 |
0 |
|
|a Intro -- Contents -- Introduction -- 1. The Umayyads -- 2. Arabs -- 3. Christians and Jews -- 4. Gender and Law in al-Andalus -- 5. The Law in Practice: Non-Sharī'ah Views of Gender -- 6. Berbers and Muwallads -- 7. The Banū Qasī and the Northern March -- Conclusion: Ethnic and Religious Identity -- Notes -- Bibliography -- Index.
|
| 588 |
|
|
|a Description based on publisher supplied metadata and other sources.
|
| 590 |
|
|
|a Electronic reproduction. Ann Arbor, Michigan : ProQuest Ebook Central, 2023. Available via World Wide Web. Access may be limited to ProQuest Ebook Central affiliated libraries.
|
| 655 |
|
4 |
|a Electronic books.
|
| 776 |
0 |
8 |
|i Print version:
|a Coope, Jessica
|t The Most Noble of People
|d Ann Arbor : University of Michigan Press,c2017
|z 9780472130283
|
| 797 |
2 |
|
|a ProQuest (Firm)
|
| 856 |
4 |
0 |
|u https://ebookcentral.proquest.com/lib/matrademy/detail.action?docID=6533244
|z Click to View
|